• 首页
  • 本馆介绍
  • 公告通知
  • 最新文献
  • 馆藏检索
  • 电子资源
  • 读者导购
  • 参考咨询
  • 我的图书馆
  • 登录
  • 详细信息显示
  • 放入我的书架
  • 预约/预借图书
  • 作者相关作品
  • 分类相关作品
  • 丛书相关作品
  • 出版社相关作品

书目信息

  • 表格格式
  • 工作单格式
  • 卡片格式
题名:
收获60周年纪念文存-接近于无限透明 叔叔阿姨大舅和我
    
 
作者: 朱苏进 , 李晓 著 ;收获编辑部 主编
分册:   中篇小说卷 (1990-1993)
出版信息: 北京   人民文学出版社  2017.08
页数: 234页
开本: 25cm
丛书名: 99读书人
单 册:
中图分类: I217.61 , I247.57
科图分类:
主题词: 中国文学--zhong guo wen xue--当代文学--作品集 , 中篇小说--zhong pian xiao shuo--小说集--中国--当代
电子资源:
ISBN: 978-7-02-013017-7
000 01574nam 2200361 450
001 CAL 0120172281599
005 20181203155038.48
010    @a978-7-02-013017-7@dCNY 89.00
010    @a978-7-02-013017-7@b精装@dCNY89.00
100    @a20171020d2017 em y0chiy50 ea
101 0  @achi
102    @aCN@b110000
105    @ay z 000ay
200 1  @a收获60周年纪念文存-接近于无限透明 叔叔阿姨大舅和我@Ashou huo 60 zhou nian ji nian wen cun-jie jin yu wu xian tou ming shu shu a yi da jiu he wo@e接近于无限透明 叔叔阿姨大舅和我@i中篇小说卷 (1990-1993)@f《收获》编辑部主编@i接近于无限透明 叔叔阿姨大舅和我@f朱苏进, 李晓等著
210    @a北京@c人民文学出版社@d2017.08
215    @a234页@d25cm
225 2  @a99读书人@A99du shu ren
300    @a珍藏版
330    @a本书内容包括: 叔叔的故事、赌徒、叔叔阿姨大舅和我、接近于无限透明、北京有个金太阳。
410  0 @12001 @a99读书人
517 1  @a中篇小说卷 (1990-1993)@Azhong pian xiao shuo juan (1990-1993)
517 1  @a接近于无限透明 叔叔阿姨大舅和我@Ajie jin yu wu xian tou ming shu shu a yi da jiu he wo
517 1  @a接近于无限透明 叔叔阿姨大舅和我@Ajie jin yu wu xian tou ming shu shu a yi da jiu he wo
606 0  @a中国文学@Azhong guo wen xue@x当代文学@x作品集
606 0  @a中篇小说@Azhong pian xiao shuo@x小说集@y中国@z当代
690    @aI217.61@v5
690    @aI247.57@v5
701  0 @a朱苏进@Azhu su jin@4著
701  0 @a李晓@Ali xiao@4著
712 02 @a收获编辑部@Ashou huo bian ji bu@4主编
801  0 @aCN@b人天书店@c20171020
905    @aBZT@dI217.61@e71-20
906    @dCNY851.00 (9册)@n3@r1
    
    收获60周年纪念文存-接近于无限透明 叔叔阿姨大舅和我:接近于无限透明 叔叔阿姨大舅和我.中篇小说卷 (1990-1993)/《收获》编辑部主编.接近于无限透明 叔叔阿姨大舅和我/朱苏进, 李晓等著.-北京:人民文学出版社,2017.08
    234页;25cm.-(99读书人)
    珍藏版
    
    ISBN 978-7-02-013017-7:CNY 89.00
    本书内容包括: 叔叔的故事、赌徒、叔叔阿姨大舅和我、接近于无限透明、北京有个金太阳。
●
相关链接 在五车中查询图书 在当当中查询图书 在豆瓣中查询图书


正题名:收获60周年纪念文存-接近于无限透明 叔叔阿姨大舅和我     索取号:I217.61/71-20         预约/预借

序号 登录号 条形码 馆藏地/架位号 状态 备注
1 854218   2000854218   第一书库/ [索取号:I217.61/71-20] 在馆    
山东省滨州职业学院图书馆 欢迎您!
大连网信软件有限公司© 版权所有